Classement du Ballon d'or 1976 - Statistiques

Statistiques générales
  • Ce quiz a été pris 18 fois
  • Le résultat moyen est 7 sur 29
Statistiques - réponses
Classement Joueur Club du joueur Nationalité % Correct
1 Franz Beckenbauer Bayern Munich Allemagne de l'Ouest
88%
5 Michel Platini AS Nancy-Lorraine France
75%
22 Dieter Müller FC Cologne Allemagne de l'Ouest
63%
11 Gerd Müller Bayern Munich Allemagne de l'Ouest
63%
7 Johan Cruyff FC Barcelone Pays-Bas
63%
19 Oleg Blokhine Dinamo Kiev Union Soviétique
38%
13 Berti Vogts Borussia Mönchengladbach Allemagne de l'Ouest
31%
29 Dino Zoff Juventus FC Italie
31%
28 Dominique Bathenay AS Saint-Etienne France
31%
21 Gérard Janvion AS Saint-Etienne France
31%
8 Ivan Curkovic AS Saint-Etienne Yougoslavie
31%
23 Dominique Rocheteau AS Saint-Etienne France
25%
4 Kevin Keegan Liverpool FC Angleterre
25%
15 Roberto Bettega Juventus FC Italie
19%
14 Tibor Nyilasi Ferencvaros TC Hongrie
19%
2 Rob Rensenbrink RSC Anderlecht Pays-Bas
13%
12 Franco Causio Juventus FC Italie
6%
24 Santillana Real Madrid Espagne
6%
26 Ali Kemal Denizci Trabzonspor Turquie
0%
6 Anton Ondrus Slovan Bratislava Tchécoslovaquie
0%
25 Benny Wendt FC Cologne / Tennis Borussia Berlin Suède
0%
17 Dudu Georgescu Dinamo Bucarest Roumanie
0%
3 Ivo Viktor Dukla Prague Tchécoslovaquie
0%
18 Jaroslav Pollak Kosice Tchécoslovaquie
0%
20 Joachim Streich FC Magdebourg Allemagne de l'Est
0%
27 Jupp Heynckes Borussia Mönchengladbach Allemagne de l'Ouest
0%
16 Jürgen Croy FSV Zwickau Allemagne de l'Est
0%
10 Marian Masny Slovan Bratislava Tchécoslovaquie
0%
9 Rainer Bonhof Borussia Mönchengladbach Allemagne de l'Ouest
0%
Aucun quiz correspondant
Distribution des résultats
% des personnes avec chaque résultat
Percentile par nombre de réponses
Votre historique - résultats
Vous n’avez pas pris ce quiz